000
00345nam a2200145Ia 4500
003
OSt
005
20240306095512.0
008
170524s9999 xx 000 0 und d
020
_a
NIL
040
_c
IIMT UNIVERSITY
100
_a
Katiyar- R S (Hindi)
245
0
_a
Applied Chemistry
260
_b
Bharat Bharti Prakashan and Co
942
_2
ddc
_c
02
999
_c
7770
_d
7770